[Event "SWE-chT 0102"]
[Site "Sweden"]
[Date "2002.03.02"]
[Round "8"]
[White "Backelin, Rikard"]
[Black "Saad, Aljaderi"]
[Result "0-1"]
[WhiteElo "2384"]
[BlackElo "2230"]
[PlyCount "162"]
[EventDate "2001.10.12"]
[EventType "team"]
[EventRounds "11"]
[EventCountry "SWE"]
[SourceTitle "EXT 2003"]
[Source "ChessBase"]
[SourceDate "2002.11.25"]
[SourceVersion "1"]
[SourceVersionDate "2002.11.25"]
[SourceQuality "1"]
[WhiteTeam "Farsta"]
[BlackTeam "Eskilstuna"]
[WhiteTeamCountry "SWE"]
[BlackTeamCountry "SWE"]

1. c4 Nf6 2. Nc3 g6 3. g3 Bg7 4. Bg2 0-0 5. e4 e5 6. Nge2 Nc6 7. d3 d6 8. 0-0 Nd7 9. Rb1 a5 10. Be3 Nc5 11. d4 exd4 12. Nxd4 Ne5 13. b3 Bd7 14. h3 Ne6 15. f4 Nxd4 16. Bxd4 Nc6 17. Bxg7 Kxg7 18. Qd2 h5 19. Rbd1 f6 20. Kh2 Be6 21. f5 Bf7 22. fxg6 Bxg6 23. Nd5 Ne5 24. c5 Ra6 25. cxd6 Rxd6 26. Qxa5 c6 27. Qxd8 Rfxd8 28. Nc3 Rd2 29. Kg1 b5 30. Rxd2 Rxd2 31. Rf2 Rd3 32. Ne2 Rd1+ 33. Rf1 Rd2 34. Nc1 c5 35. Re1 h4 36. gxh4 Bh5 37. Kf1 c4 38. bxc4 bxc4 39. a4 c3 40. a5 Be8 41. Nb3 Rb2 42. Nd4 c2 43. Nxc2 Rxc2 44. Rd1 Bb5+ 45. Kg1 Ba6 46. Kh2 Bb7 47. Kg3 f5 48. a6 Ba8 49. a7 Ng6 50. Bh1 Rc3+ 51. Kh2 Nf4 52. Rg1+ Kh7 53. Re1 Rxh3+ 54. Kg1 Rg3+ 55. Kh2 Ra3 56. Kg1 Ra2 57. Kf1 Rxa7 58. exf5 Bxh1 59. Re3 Rf7 60. Ra3 Kg7 61. Ra4 Rxf5 62. Kf2 Kh6 63. Ra7 Bd5 64. Ke3 Ng6 65. Ra6 Bf7 66. Rb6 Kh5 67. Ke4 Nxh4 68. Rb8 Bg6 69. Kd4 Kg5 70. Rg8 Kf4 71. Rh8 Nf3+ 72. Kc3 Ke4 73. Rc8 Ne5 74. Ra8 Rf3+ 75. Kd2 Rd3+ 76. Kc2 Ke3 77. Kb2 Nc4+ 78. Ka2 Bf7 79. Rh8 Ra3+ 80. Kb1 Bg6+ 81. Kc1 Ra1# 0-1

[Event "SWE-chT 0102"]
[Site "Sweden"]
[Date "2001.12.08"]
[Round "5"]
[White "Furhoff, Johan"]
[Black "Saad, Aljaderi"]
[Result "0-1"]
[WhiteElo "2412"]
[BlackElo "2230"]
[PlyCount "120"]
[EventDate "2001.10.12"]
[EventType "team"]
[EventRounds "11"]
[EventCountry "SWE"]
[SourceTitle "EXT 2003"]
[Source "ChessBase"]
[SourceDate "2002.11.25"]
[SourceVersion "1"]
[SourceVersionDate "2002.11.25"]
[SourceQuality "1"]
[WhiteTeam "Sodra"]
[BlackTeam "Eskilstuna"]
[WhiteTeamCountry "SWE"]
[BlackTeamCountry "SWE"]

1. e4 e5 2. f4 exf4 3. Nf3 d5 4. exd5 Nf6 5. Bc4 Nxd5 6. Bxd5 Qxd5 7. Nc3 Qh5 8. d4 Bd6 9. Qe2+ Kd8 10. 0-0 g5 11. Qb5 Rg8 12. Ne4 Bd7 13. Qb3 g4 14. Ne5 Bxe5 15. dxe5 g3 16. hxg3 fxg3 17. Nxg3 Qxe5 18. Bf4 Qe6 19. Qd3 Qg6 20. Qd2 Kc8 21. Rae1 Qc6 22. Re3 a5 23. Rc3 Qb6+ 24. Qf2 Qxf2+ 25. Kxf2 Nc6 26. Rh1 Rg7 27. Ne4 a4 28. Nc5 Bf5 29. Re1 Rg8 30. Rce3 Bd7 31. Nxd7 Kxd7 32. Rd1+ Kc8 33. Rh1 a3 34. bxa3 Ra4 35. g3 Rc4 36. c3 Rg7 37. Rd1 Rg8 38. Rd5 Nd8 39. Re7 Ne6 40. Be5 Rd8 41. Rxd8+ Nxd8 42. Ke2 Ne6 43. Kd3 Rc5 44. Ke4 Ng5+ 45. Kf4 h6 46. Bf6 b6 47. Re8+ Kd7 48. Rh8 Rc4+ 49. Kf5 Rc5+ 50. Kf4 Rc4+ 51. Kf5 Ne4 52. Be5 Nxc3 53. Rxh6 Nd5 54. Rh7 Ke7 55. Rh2 Ne3+ 56. Kg5 Rc5 57. Kf4 Rxe5 58. Re2 Kf6 59. Rxe3 Rxe3 60. Kxe3 Kg5 0-1

[Event "SWE-chT 0102"]
[Site "Sweden"]
[Date "2001.10.14"]
[Round "3"]
[White "Renman, Nils Gustaf"]
[Black "Saad, Aljaderi"]
[Result "1-0"]
[WhiteElo "2388"]
[BlackElo "2230"]
[PlyCount "111"]
[EventDate "2001.10.12"]
[EventType "team"]
[EventRounds "11"]
[EventCountry "SWE"]
[SourceTitle "EXT 2003"]
[Source "ChessBase"]
[SourceDate "2002.11.25"]
[SourceVersion "1"]
[SourceVersionDate "2002.11.25"]
[SourceQuality "1"]
[WhiteTeam "Norrkoping Schack 08"]
[BlackTeam "Eskilstuna"]
[WhiteTeamCountry "SWE"]
[BlackTeamCountry "SWE"]

1. d4 Nf6 2. Nf3 g6 3. c4 Bg7 4. Nc3 d6 5. e4 0-0 6. Be2 e5 7. Be3 Ng4 8. Bg5 f6 9. Bh4 Qe8 10. 0-0 f5 11. dxe5 Nxe5 12. exf5 gxf5 13. Qd2 Kh8 14. Rae1 Nbc6 15. Nd5 Nxf3+ 16. Bxf3 Qf7 17. b3 Ne5 18. Qd1 f4 19. Re4 Bf5 20. Rxf4 Qd7 21. Be4 Bxe4 22. Rxe4 Rf7 23. Rf4 a5 24. Bf6 a4 25. Qh5 Ng6 26. Bxg7+ Rxg7 27. Re4 axb3 28. axb3 Rf8 29. f4 b5 30. g3 c6 31. Ne3 bxc4 32. bxc4 Qa7 33. Kh1 Qa2 34. Nf5 d5 35. Rd4 Qb2 36. Rfd1 Ra7 37. cxd5 Ra1 38. Rxa1 Qxa1+ 39. Qd1 Qxd1+ 40. Rxd1 Rxf5 41. dxc6 Rc5 42. Rd8+ Kg7 43. Rd7+ Kh6 44. c7 Rc2 45. Kg1 Nf8 46. Rd8 Rxc7 47. Rxf8 Kh5 48. Kg2 h6 49. Kh3 Rc2 50. g4+ Kg6 51. Ra8 h5 52. Ra6+ Kg7 53. g5 Rf2 54. Kg3 Rf1 55. Rh6 Rg1+ 56. Kf3 1-0